Hacia el encuentro conyugal: conservando encendida la llama del amor
Guardat en:
| Autors principals: | , |
|---|---|
| Format: | Llibre |
| Idioma: | espanyol |
| Publicat: |
Antofagasta
Universitarias
2002
|
| Edició: | 1a. ed |
| Matèries: | |
| Etiquetes: |
Afegir etiqueta
Sense etiquetes, Sigues el primer a etiquetar aquest registre!
|
MARC
| LEADER | 00000nam a2200000 a 4500 | ||
|---|---|---|---|
| 001 | UCM4702 | ||
| 003 | CL-VaPUC | ||
| 008 | 020830e20020000CL |||||||||||||||||spa|d | ||
| 020 | |a 9562871061 | ||
| 082 | 0 | 4 | |a 259.13 |b FLO |2 21 |
| 100 | 0 | |a Flores Martínez, Nancy Victoria |e author |9 471120 | |
| 700 | 0 | |a Rivera Morales, Juan |e author |9 471121 | |
| 245 | 1 | 0 | |a Hacia el encuentro conyugal: conservando encendida la llama del amor |
| 250 | |a 1a. ed | ||
| 300 | |a 194 p | ||
| 942 | |c BK | ||
| 945 | |d 20020830 00:00:00 |a cmena | ||
| 260 | |a Antofagasta |b Universitarias |c 2002 | ||
| 650 | 7 | |a ORIENTACION PREMATRIMONIAL |2 CL-VaPUC |9 471122 | |
| 650 | 7 | |a MATRIMONIO |2 CL-VaPUC |9 471123 | |
| 650 | 0 | |a Relaciones interpersonales |9 307056 | |
| 650 | 0 | |a Comunicación |9 257251 | |
| 583 | |a last modification |c 20020830 00:00:00 |k Rodrigo Vera | ||
| 999 | |c 301222 |d 301220 | ||
| 952 | |0 0 |1 0 |4 0 |6 259_130000000000000_FLO_2002 |7 0 |8 A |9 359997 |a BIBTEO |b BIBTEO |d 2019-11-21 |i 3832457 |o 259.13 FLO 2002 |p 3832457 |r 2025-01-17 |w 2019-11-21 |y BK |k ICR | ||
| 952 | |0 0 |1 0 |4 0 |6 259_130000000000000_FLO_2002 |7 0 |8 A |9 359998 |a BIBGIM |b BIBGIM |d 2019-11-21 |i 3832449 |o 259.13 FLO 2002 |p 3832449 |r 2025-01-15 |w 2019-11-21 |y BK |k GIM | ||
| 952 | |0 0 |1 0 |4 0 |6 259_130000000000000_FLO_2002 |7 0 |8 A |9 359999 |a BIBGIM |b BIBGIM |d 2019-11-21 |i 470665K |o 259.13 FLO 2002 |p 470665K |r 2025-01-15 |w 2019-11-21 |y BK |k GIM | ||